LEADER 01313nam a2200313 a 4500 001 000000128058 003 CaOOAMICUS 005 20120316110227.0 008 120316s2011 ne u000 u eng r 020 $a978-90-04-20133-0 040 $aPUL$bita 082 04$a341 100 1 $aWestra, Laura.$0(OLS)http://pul/name/81790 245 10$aGlobalization, violence and world governance /$cby Laura Westra. 260 $aLeiden ;$aBoston :$bBrill,$c2011. 300 $axiv, 237 p. ;$c25 cm. 490 1 $aStudies in Critical Social Sciences ;$v30 504 $aBibliografia in nota. 650 4$aDiritto internazionale$xStudi.$0(OLS)http://pul/subject/26811 650 4$aGlobalizzazione.$0(OLS)http://pul/subject/38133 830 0$aStudies in Critical Social Sciences ;$v30.$0(OLS)http://pul/title/148001 850 $aPUL 852 $aPUL$W1$xSL Diritto e Scienze Sociali 3$y79$m341 WESLA 1$j148223$qDDC 21$B146825$CPULBib$Z2$F146825 $H119089 $82 941 1 $a9 996 $6020$a978-90-04-20133-0$9(OLS)http://pul/number/149223 996 $6082$a341$9(OLS)http://pul/classification/387 996 $6245$aGlobalization, violence and world governance$9(OLS)http://pul/title/161824 996 $6260$aLeiden ;$aBoston :$bBrill$9(OLS)http://pul/publisher/68781 LEADER 01264nam a2200289 u 4500 001 000000054198 003 CaOOAMICUS 005 20070226115639.0 008 001201s1933 it u000 u ita u 035 $a10862977 040 $aPUL(R)$bita 100 1 $aOlgiati, Francesco,$csac.,$d1886-1962.$0(OLS)http://pul/name/10153 245 10$aNeo-scolastica, idealismo e spiritualismo /$cFrancesco Olgiati e Armando Carlini. 260 $aMilano :$bVita e pensiero,$c1933. 300 $avii, 179 p. ;$c20 cm 504 $aBibliografia in nota. 650 4$aIdealismo.$0(OLS)http://pul/subject/1790 650 4$aNeoscolastica.$0(OLS)http://pul/subject/5922 650 4$aSpiritualismo (filosofia).$0(OLS)http://pul/subject/12032 700 1 $aCarlini, Armando,$d1878-1959.$0(OLS)http://pul/name/3657 850 $aPUL 852 $aPUL$W1$xDP1 Fondo Giannini$y60$m1556 G 38$j71427$nBK-PRI$b $qFondi$B71427$CPULBib$Z2$F71427 $81 852 $aPUL$W1$xDP1 Fondo Cecchetti$y53$m260 D 64$j193482$nBK-PRI$b $qFondi$B71428$CPULBib$Z2$F71428 $81 941 1 $a1 961 $aINV: F. Giannini 996 $6245$aNeo-scolastica, idealismo e spiritualismo$9(OLS)http://pul/title/72701 996 $6260$aMilano :$bVita e pensiero$9(OLS)http://pul/publisher/48016